000 00458nam a2200169Ia 4500
999 _c32187
_d32187
003 OSt
005 20200812102551.0
008 190216s9999||||xx |||||||||||||| ||und||
040 _coclc
082 _a512.9434
_bGUP/M
100 _aGupta, R
_94058
245 0 _aMatrices /
_cR Gupta
260 _bLaxmi Publication Ltd,
_aNew Delhi:
300 _a243p
650 _aMathematics
942 _cBK
_2ddc
_h512.9434
_iGUP/M
_k512.9434
_mGUP/M